Formación Integral y Competencias : (Registro nro. 4709)
[ vista simple ]
| 000 -LEADER | |
|---|---|
| fixed length control field | 01049nam a2200265Ia 4500 |
| 003 - CONTROL NUMBER IDENTIFIER | |
| control field | OSt |
| 005 - DATE AND TIME OF LATEST TRANSACTION | |
| control field | 20200901114342.0 |
| 008 - FIXED-LENGTH DATA ELEMENTS--GENERAL INFORMATION | |
| fixed length control field | 191128s2013 ck ad gr 000 0dspa d |
| 020 ## - INTERNATIONAL STANDARD BOOK NUMBER | |
| International Standard Book Number | 9789586488266 |
| 040 ## - CATALOGING SOURCE | |
| Original cataloging agency | CO-JMCR |
| Transcribing agency | CO-JMCR |
| 041 0# - LANGUAGE CODE | |
| Language code of text/sound track or separate title | spa |
| 082 04 - DEWEY DECIMAL CLASSIFICATION NUMBER | |
| Classification number | 371.3 / |
| Item number | T616f |
| Edition number | 23 |
| 100 1# - MAIN ENTRY--PERSONAL NAME | |
| Personal name | Tobón, Sergio, |
| Relator term | autor |
| 9 (RLIN) | 9555 |
| 245 10 - TITLE STATEMENT | |
| Title | Formación Integral y Competencias : |
| Remainder of title | pensamiento Complejo, Currículo, Didáctica y evaluación / |
| Statement of responsibility, etc. | Sergio Tobón |
| 250 ## - EDITION STATEMENT | |
| Edition statement | Cuarte edición |
| 260 ## - PUBLICATION, DISTRIBUTION, ETC. | |
| Place of publication, distribution, etc. | Bogotá : |
| Name of publisher, distributor, etc. | Eco ediciones, |
| Date of publication, distribution, etc. | 2013 |
| 300 ## - PHYSICAL DESCRIPTION | |
| Extent | 370 páginas : |
| Other physical details | gráficos, diagramas a blanco y negro ; |
| Dimensions | 24 cm. |
| 490 0# - SERIES STATEMENT | |
| Series statement | Pedagogía |
| 500 ## - GENERAL NOTE | |
| General note | Incluye datos biográficos del autor en solapa frontal. |
| 504 ## - BIBLIOGRAPHY, ETC. NOTE | |
| Bibliography, etc. note | Bibliografía : páginas 353-369. |
| 505 0# - FORMATTED CONTENTS NOTE | |
| Formatted contents note | Formación humana integral y competencias: el enfoque socioformativo -- Desarrollo histórico del concepto de competencias -- El concepto de competencias. |
| 650 24 - SUBJECT ADDED ENTRY--TOPICAL TERM | |
| Topical term or geographic name entry element | Competencias educativas |
| 9 (RLIN) | 9556 |
| 650 24 - SUBJECT ADDED ENTRY--TOPICAL TERM | |
| Topical term or geographic name entry element | Currículo pedagogía |
| 9 (RLIN) | 9557 |
| 942 ## - ADDED ENTRY ELEMENTS (KOHA) | |
| Source of classification or shelving scheme | Dewey Decimal Classification |
| Koha item type | Books |
| Withdrawn status | Lost status | Source of classification or shelving scheme | Materials specified (bound volume or other part) | Damaged status | Not for loan | Home library | Current library | Shelving location | Date acquired | Source of acquisition | Total Checkouts | Total Renewals | Full call number | Barcode | Date last seen | Date last checked out | Copy number | Price effective from | Koha item type |
|---|---|---|---|---|---|---|---|---|---|---|---|---|---|---|---|---|---|---|---|
| Dewey Decimal Classification | Doanción--15/04/2018-- | Biblioteca Pública José María del Castillo y Rada | Biblioteca Pública José María del Castillo y Rada | General Stacks | 11/28/2019 | Donación | 4 | 4 | 371.3 / T616f | 230003083 | 09/27/2024 | 09/25/2024 | Ej.1 | 11/28/2019 | Books |